Ensayo sobre la historia de la sociedad civil

Gorde:
Xehetasun bibliografikoak
Egile nagusia: Ferguson, Adam (Egilea)
Formatua: Liburua
Hizkuntza:gaztelania
Argitaratua: Madrid Akal 2010
Edizioa:1a. ed
Saila:Básica de Bolsillo, 207
Gaiak:
Etiketak: Etiketa erantsi
Etiketarik gabe, Izan zaitez lehena erregistro honi etiketa jartzen!

MARC

LEADER 00000cam a2200000 a 4500
001 UCE9951
003 CL-VaPUC
008 151112e20100000sp |||||||||||||||||spa|d
020 |a 9788446026938 
082 0 4 |a 301  |b FER  |2 21 
100 0 |a Ferguson, Adam  |e author  |9 582925 
245 1 0 |a Ensayo sobre la historia de la sociedad civil 
250 |a 1a. ed 
300 |a 348 p 
942 |c BK 
945 |d 20151112 20:22:00  |a dcastane 
260 |a Madrid  |b Akal  |c 2010 
650 7 |a FILOSOFIA POLITICA  |2 CL-VaPUC  |9 582926 
583 |a last modification  |c 20151112 20:22:00  |k Rodrigo Vera 
490 0 |a Básica de Bolsillo, 207 
999 |c 361585  |d 361583 
952 |0 0  |1 0  |3 erb  |4 0  |6 301_000000000000000_FER_2010  |7 0  |8 A  |9 472177  |a BIBEDU  |b BIBEDU  |i 5249651  |o 301 FER 2010  |p 5249651  |r 2019-11-24  |w 2019-11-24  |y BK  |z Catalogado en:20151112  |k FIL